[Event "EYCC 2017"]
[Site "Mamaia"]
[Date "2017.09.06"]
[Round "2"]
[White "Gasimova, Samra"]
[Black "Putar, Lara"]
[Result "1-0"]
[WhiteElo "1578"]
[BlackElo "1328"]
[Annotator "NA"]
[PlyCount "87"]
[EventDate "2017.??.??"]
[EventType "swiss"]
[EventCountry "ROU"]
[SourceTitle "playchess.com"]
[Source "ChessBase"]
[SourceQuality "1"]
[TimeControl "40/5400+30:1800+30"]

1. d4 {[%emt 0:00:00]} Nf6 {[%emt 0:00:15]} 2. Nf3 {[%emt 0:00:00]} e6 {[%emt 0:00:12]} 3. c4 {[%emt 0:00:00]} d5 {[%emt 0:00:32]} 4. Nc3 {[%emt 0:00:42]} Be7 {[%emt 0:00:42]} 5. Bg5 {[%emt 0:00:15]} h6 {[%emt 0:00:25]} 6. Bf4 {[%emt 0:00:52]} O-O {[%emt 0:00:40]} 7. e3 {[%emt 0:00:14]} b6 {[%emt 0:00:25]} 8. cxd5 {[%emt 0:00:05]} exd5 {[%emt 0:01:15]} 9. Bd3 {[%emt 0:01:26]} Bb7 {[%emt 0:01:32]} 10. O-O {[%emt 0:02:46]} Nbd7 {[%emt 0:00:55]} 11. Rc1 {[%emt 0:00:21]} Rc8 {[%emt 0:01:33]} 12. Qe2 {[%emt 0:01:25]} Re8 {[%emt 0:01:55]} 13. Ba6 {[%emt 0:10:12]} Bxa6 {[%emt 0:04:52]} 14. Qxa6 {[%emt 0:00:32]} Ra8 {[%emt 0:01:37]} 15. Nb5 {[%emt 0:02:29]} Rc8 {[%emt 0:15:51]} 16. Bxc7 {[%emt 0:01:30]} Rxc7 {[%emt 0:01:30]} 17. Nxc7 {[%emt 0:00:42]} Rf8 {[%emt 0:00:36]} 18. Nb5 {[%emt 0:00:29]} Ne4 {[%emt 0:03:44]} 19. Nc3 {[%emt 0:00:58]} Qa8 {[%emt 0:00:42]} 20. Qb5 {[%emt 0:01:00]} Ndf6 {[%emt 0:00:24]} 21. Nxe4 {[%emt 0:00:20]} Nxe4 {[%emt 0:01:07]} 22. Qc6 {[%emt 0:00:44]} Qxc6 {[%emt 0:03:20]} 23. Rxc6 {[%emt 0:00:06]} Bd6 {[%emt 0:00:13]} 24. Rfc1 {[%emt 0:00:48]} f5 {[%emt 0:03:05]} 25. Rc8 {[%emt 0:00:12]} Rxc8 {[%emt 0:00:16]} 26. Rxc8+ {[%emt 0:00:08]} Kf7 {[%emt 0:00:12]} 27. Ra8 {[%emt 0:00:18]} a5 {[%emt 0:00:29]} 28. Ra6 {[%emt 0:00:06]} g5 {[%emt 0:00:42]} 29. Rxb6 {[%emt 0:00:20]} Ke7 {[%emt 0:00:37]} 30. Ne5 {[%emt 0:00:34]} Kf8 {[%emt 0:05:53]} 31. f3 {[%emt 0:00:59]} Bxe5 {[%emt 0:00:25]} 32. fxe4 {[%emt 0:00:12]} Bg7 {[%emt 0:01:46]} 33. exd5 {[%emt 0:00:19]} Ke7 {[%emt 0:00:37]} 34. d6+ {[%emt 0:00:25]} Kd8 {[%emt 0:00:21]} 35. Rb8+ {[%emt 0:00:20]} Kd7 {[%emt 0:01:42]} 36. Rb7+ {[%emt 0:00:08]} Ke6 {[%emt 0:00:49]} 37. Rxg7 {[%emt 0:00:10]} Kxd6 {[%emt 0:00:49]} 38. Ra7 {[%emt 0:00:14]} Kd5 {[%emt 0:00:18]} 39. Rxa5+ {[%emt 0:00:04]} Ke4 {[%emt 0:00:09]} 40. Re5+ {[%emt 0:00:00]} Kd3 {[%emt 0:00:11]} 41. d5 {[%emt 0:00:15]} g4 {[%emt 0:00:54]} 42. d6 {[%emt 0:00:04]} g3 {[%emt 0:00:51]} 43. d7 {[%emt 0:00:07]} gxh2+ {[%emt 0:00:04]} 44. Kxh2 {[%emt 0:00:08]} 1-0

[Event "EYCC 2017"]
[Site "Mamaia"]
[Date "2017.09.06"]
[Round "2"]
[White "Poliato, Irina"]
[Black "Tokarz, Izabela"]
[Result "0-1"]
[WhiteElo "1569"]
[BlackElo "1324"]
[Annotator "NA"]
[PlyCount "92"]
[EventDate "2017.??.??"]
[EventType "swiss"]
[EventCountry "ROU"]
[SourceTitle "playchess.com"]
[Source "ChessBase"]
[SourceQuality "1"]
[TimeControl "40/5400+30:1800+30"]

1. d4 {[%emt 0:00:00]} d5 {[%emt 0:00:08]} 2. c4 {[%emt 0:00:00]} e6 {[%emt 0:00:16]} 3. Nc3 {[%emt 0:00:00]} f5 {[%emt 0:00:26]} 4. Bf4 {[%emt 0:01:01]} c6 {[%emt 0:01:40]} 5. e3 {[%emt 0:00:36]} Nf6 {[%emt 0:00:55]} 6. Rc1 {[%emt 0:03:55]} Bd6 {[%emt 0:01:36]} 7. Bxd6 {[%emt 0:05:54]} Qxd6 {[%emt 0:00:12]} 8. cxd5 {[%emt 0:01:16]} exd5 {[%emt 0:02:30]} 9. Bd3 {[%emt 0:01:48]} O-O {[%emt 0:01:10]} 10. Nge2 {[%emt 0:04:07]} Qe7 {[%emt 0:11:00]} 11. Qc2 {[%emt 0:05:08]} Ne4 {[%emt 0:02:14]} 12. Bxe4 {[%emt 0:02:50]} fxe4 {[%emt 0:00:11]} 13. Nf4 {[%emt 0:03:07]} Nd7 {[%emt 0:04:31]} 14. h3 {[%emt 0:07:34]} Nf6 {[%emt 0:03:09]} 15. Kd2 {[%emt 0:09:00]} Qe8 {[%emt 0:02:21]} 16. g4 {[%emt 0:00:54]} g5 {[%emt 0:16:44]} 17. Nfe2 {[%emt 0:01:33]} Nd7 {[%emt 0:03:44]} 18. Rh2 {[%emt 0:03:09]} Nb6 {[%emt 0:02:41]} 19. b3 {[%emt 0:01:15]} Rf3 {[%emt 0:04:14]} 20. Rg1 {[%emt 0:01:09]} Rf6 {[%emt 0:03:33]} 21. Ke1 {[%emt 0:13:33]} Be6 {[%emt 0:01:52]} 22. h4 {[%emt 0:01:17]} gxh4 {[%emt 0:01:13]} 23. Rxh4 {[%emt 0:00:16]} Qe7 {[%emt 0:04:25]} 24. Rgh1 {[%emt 0:04:06]} Rf7 {[%emt 0:02:51]} 25. Nf4 {[%emt 0:06:04]} Rg7 {[%emt 0:03:06]} 26. Qe2 {[%emt 0:04:44]} Bd7 {[%emt 0:01:48]} 27. Nh5 {[%emt 0:05:42]} Rf7 {[%emt 0:01:31]} 28. Qf1 {[%emt 0:00:54]} Raf8 {[%emt 0:01:01]} 29. Nf4 {[%emt 0:00:38]} Rg7 {[%emt 0:03:50]} 30. Qg2 {[%emt 0:01:15]} Qa3 {[%emt 0:01:54]} 31. g5 {[%emt 0:02:44]} Qb2 {[%emt 0:06:50]} 32. Nd1 {[%emt 0:01:12]} Qxa2 {[%emt 0:02:43]} 33. Ne2 {[%emt 0:01:55]} Qxb3 {[%emt 0:01:19]} 34. Rh6 {[%emt 0:03:12]} Qc2 {[%emt 0:02:00]} 35. Rxh7 Rxh7 {[%emt 0:01:48]} 36. Rxh7 {[%emt 0:01:48]} Kxh7 {[%emt 0:00:14]} 37. Qh2+ {[%emt 0:00:05]} Kg7 {[%emt 0:02:16]} 38. Qh6+ {[%emt 0:01:04]} Kf7 {[%emt 0:00:21]} 39. Nf4 {[%emt 0:01:06]} Bg4 {[%emt 0:01:33]} 40. Qf6+ {[%emt 0:00:00]} Ke8 {[%emt 0:01:07]} 41. f3 Rxf6 42. fxg4 {[%emt 0:13:49]} Rxf4 {[%emt 0:00:39]} 43. exf4 {[%emt 0:00:23]} Nc4 {[%emt 0:00:11]} 44. g6 {[%emt 0:00:42]} Qd2+ {[%emt 0:00:10]} 45. Kf1 {[%emt 0:00:07]} Qxd1+ {[%emt 0:00:11]} 46. Kg2 {[%emt 0:00:22]} Qxg4+ 0-1

[Event "EYCC 2017"]
[Site "Mamaia"]
[Date "2017.09.06"]
[Round "2"]
[White "Smietanska, Wiktoria"]
[Black "Abbasova, Zarifa"]
[Result "1-0"]
[WhiteElo "1446"]
[BlackElo "1083"]
[Annotator "NA"]
[PlyCount "141"]
[EventDate "2017.??.??"]
[EventType "swiss"]
[EventCountry "ROU"]
[SourceTitle "playchess.com"]
[Source "ChessBase"]
[SourceQuality "1"]
[TimeControl "40/5400+30:1800+30"]

1. e4 {[%emt 0:00:00]} e5 {[%emt 0:00:08]} 2. Nf3 {[%emt 0:00:00]} Nf6 {[%emt 0:00:08]} 3. Nxe5 {[%emt 0:00:00]} d6 {[%emt 0:00:04]} 4. Nf3 {[%emt 0:00:00]} Nxe4 {[%emt 0:00:07]} 5. Qe2 {[%emt 0:01:11]} Qe7 {[%emt 0:00:06]} 6. d3 {[%emt 0:00:09]} Nf6 {[%emt 0:00:05]} 7. Bg5 {[%emt 0:00:57]} Qxe2+ {[%emt 0:01:04]} 8. Bxe2 {[%emt 0:01:34]} Be7 {[%emt 0:00:12]} 9. Nc3 {[%emt 0:04:54]} O-O {[%emt 0:00:35]} 10. O-O {[%emt 0:06:52]} h6 {[%emt 0:00:28]} 11. Be3 {[%emt 0:14:02]} Nc6 {[%emt 0:02:02]} 12. h3 {[%emt 0:06:09]} Bf5 {[%emt 0:00:43]} 13. Nd4 {[%emt 0:03:21]} Nxd4 {[%emt 0:00:47]} 14. Bxd4 {[%emt 0:00:16]} c5 {[%emt 0:00:24]} 15. Be3 {[%emt 0:01:31]} d5 {[%emt 0:03:35]} 16. Bd2 {[%emt 0:06:24]} d4 {[%emt 0:03:04]} 17. Nd1 {[%emt 0:03:47]} b6 {[%emt 0:03:23]} 18. Bf3 {[%emt 0:01:18]} Rad8 {[%emt 0:03:28]} 19. Bf4 {[%emt 0:01:39]} Bd6 {[%emt 0:03:23]} 20. Bxd6 {[%emt 0:01:59]} Rxd6 {[%emt 0:00:19]} 21. b3 {[%emt 0:03:21]} Re8 {[%emt 0:02:05]} 22. Nb2 {[%emt 0:01:31]} Rde6 {[%emt 0:03:36]} 23. Rfd1 {[%emt 0:10:57]} g5 {[%emt 0:05:15]} 24. g4 {[%emt 0:02:07]} Bg6 {[%emt 0:00:31]} 25. Kf1 {[%emt 0:03:28]} h5 {[%emt 0:01:33]} 26. Re1 {[%emt 0:02:25]} Kf8 {[%emt 0:02:34]} 27. Nc4 {[%emt 0:08:02]} b5 {[%emt 0:04:19]} 28. Nd2 {[%emt 0:00:58]} hxg4 {[%emt 0:03:19]} 29. hxg4 {[%emt 0:00:33]} Rxe1+ {[%emt 0:02:02]} 30. Rxe1 {[%emt 0:00:07]} Rxe1+ {[%emt 0:00:19]} 31. Kxe1 {[%emt 0:00:05]} Ke7 {[%emt 0:01:02]} 32. Bc6 {[%emt 0:02:43]} b4 {[%emt 0:02:16]} 33. f3 {[%emt 0:00:28]} Kd6 {[%emt 0:00:22]} 34. Bb5 {[%emt 0:01:11]} Nd5 {[%emt 0:01:48]} 35. Nc4+ {[%emt 0:01:37]} Ke7 {[%emt 0:04:02]} 36. a3 {[%emt 0:00:44]} Ne3 {[%emt 0:02:37]} 37. a4 {[%emt 0:03:21]} Nxc2+ {[%emt 0:01:40]} 38. Kd2 {[%emt 0:00:12]} Na1 {[%emt 0:04:28]} 39. Na5 {[%emt 0:00:00]} Kd6 {[%emt 0:00:00]} 40. Kc1 {[%emt 0:00:00]} Kc7 {[%emt 0:06:38]} 41. Kb2 {[%emt 0:03:11]} a6 {[%emt 0:00:26]} 42. Be8 {[%emt 0:02:42]} Nxb3 {[%emt 0:03:36]} 43. Nxb3 {[%emt 0:01:05]} Bxd3 {[%emt 0:01:58]} 44. Nxc5 {[%emt 0:00:33]} Bc4 {[%emt 0:00:59]} 45. Ne4 {[%emt 0:05:42]} d3 {[%emt 0:05:17]} 46. Nxg5 {[%emt 0:09:55]} b3 {[%emt 0:02:10]} 47. Kc3 {[%emt 0:03:50]} f6 {[%emt 0:05:12]} 48. Ne4 {[%emt 0:00:21]} Kd8 {[%emt 0:01:37]} 49. Kxc4 {[%emt 0:01:19]} b2 {[%emt 0:00:32]} 50. Nd2 {[%emt 0:00:13]} Kxe8 {[%emt 0:00:09]} 51. Kxd3 {[%emt 0:00:12]} Ke7 {[%emt 0:00:27]} 52. Kc2 {[%emt 0:00:08]} Ke6 {[%emt 0:00:08]} 53. Kxb2 {[%emt 0:00:20]} Ke5 {[%emt 0:00:03]} 54. Kc3 {[%emt 0:00:21]} Kf4 {[%emt 0:00:18]} 55. Kd4 {[%emt 0:00:30]} a5 {[%emt 0:00:16]} 56. Nc4 {[%emt 0:03:10]} Kxf3 {[%emt 0:01:50]} 57. Nxa5 {[%emt 0:00:09]} Kxg4 {[%emt 0:00:02]} 58. Nc4 {[%emt 0:00:39]} f5 {[%emt 0:00:06]} 59. Ne3+ {[%emt 0:00:27]} Kf4 60. Nxf5 {[%emt 0:00:26]} Kxf5 {[%emt 0:00:41]} 61. a5 {[%emt 0:00:26]} Ke6 {[%emt 0:00:06]} 62. a6 {[%emt 0:00:30]} Kd6 63. a7 Ke6 {[%emt 0:00:08]} 64. a8=Q {[%emt 0:00:20]} Kd6 {[%emt 0:00:04]} 65. Qa6+ {[%emt 0:00:06]} Ke7 {[%emt 0:00:08]} 66. Ke5 {[%emt 0:00:06]} Kd7 {[%emt 0:00:08]} 67. Qd6+ {[%emt 0:00:40]} Kc8 {[%emt 0:00:07]} 68. Qe7 {[%emt 0:00:05]} Kb8 {[%emt 0:00:06]} 69. Kd6 {[%emt 0:00:04]} Ka8 70. Kc6 {[%emt 0:00:05]} Kb8 {[%emt 0:00:17]} 71. Qb7# {[%emt 0:00:02]} 1-0

[Event "EYCC 2017"]
[Site "Mamaia"]
[Date "2017.09.06"]
[Round "2"]
[White "Zubkovskaya, Ekaterina"]
[Black "Toth, Timea"]
[Result "1/2-1/2"]
[WhiteElo "1399"]
[BlackElo "1964"]
[Annotator "NA"]
[PlyCount "65"]
[EventDate "2017.??.??"]
[EventType "swiss"]
[EventCountry "ROU"]
[SourceTitle "playchess.com"]
[Source "ChessBase"]
[SourceQuality "1"]
[TimeControl "40/5400+30:1800+30"]

1. e4 c5 2. Nc3 Nc6 3. Bb5 g6 4. Nf3 Bg7 5. O-O e6 6. Bxc6 bxc6 7. d3 h6 8. d4 Ba6 9. Re1 d6 10. d5 Ne7 11. dxc6 Nxc6 12. Nd2 O-O 13. f4 Bd4+ 14. Kh1 Bf2 15. b3 Bxe1 16. Qxe1 Qf6 17. Nf3 Nd4 18. Qd2 Nxf3 19. gxf3 c4 20. Bb2 Qe7 21. Rg1 Qh4 22. f5 exf5 23. exf5 Qh3 24. Qf2 Bb7 25. Ne4 Bxe4 26. fxe4 c3 27. Bc1 g5 28. Qe2 f6 29. Rg3 Qh4 30. Rg4 Qh3 31. Rg3 Qh4 32. Rg4 Qh3 33. Rg3 1/2-1/2

[Event "EYCC 2017"]
[Site "Mamaia"]
[Date "2017.09.06"]
[Round "2"]
[White "Salajan, Stefania"]
[Black "Pawicka, Magdalena"]
[Result "0-1"]
[WhiteElo "1327"]
[BlackElo "1826"]
[Annotator "NA"]
[PlyCount "120"]
[EventDate "2017.??.??"]
[EventType "swiss"]
[EventCountry "ROU"]
[SourceTitle "playchess.com"]
[Source "ChessBase"]
[SourceQuality "1"]
[TimeControl "40/5400+30:1800+30"]

1. Nf3 {[%emt 0:00:00]} Nf6 {[%emt 0:00:13]} 2. b3 {[%emt 0:00:00]} e6 {[%emt 0:00:46]} 3. Bb2 {[%emt 0:00:22]} Be7 {[%emt 0:00:44]} 4. e3 {[%emt 0:00:50]} d5 {[%emt 0:02:24]} 5. Bb5+ {[%emt 0:01:26]} Bd7 {[%emt 0:07:07]} 6. Bxd7+ {[%emt 0:00:27]} Nbxd7 {[%emt 0:00:22]} 7. d3 {[%emt 0:01:52]} O-O {[%emt 0:02:27]} 8. O-O {[%emt 0:00:47]} c5 {[%emt 0:04:17]} 9. Nbd2 {[%emt 0:01:58]} Rc8 {[%emt 0:06:14]} 10. c4 {[%emt 0:03:33]} Qc7 {[%emt 0:04:35]} 11. Qe2 {[%emt 0:06:39]} Rfd8 {[%emt 0:04:26]} 12. Rfd1 {[%emt 0:13:30]} Bd6 {[%emt 0:05:30]} 13. h3 {[%emt 0:03:50]} Ne5 {[%emt 0:03:51]} 14. Nxe5 {[%emt 0:05:31]} Bxe5 {[%emt 0:00:08]} 15. Bxe5 {[%emt 0:00:25]} Qxe5 {[%emt 0:00:07]} 16. Nf3 {[%emt 0:00:41]} Qh5 {[%emt 0:02:43]} 17. Qd2 {[%emt 0:03:12]} dxc4 {[%emt 0:06:01]} 18. bxc4 {[%emt 0:01:31]} Rd7 {[%emt 0:04:14]} 19. Qc3 {[%emt 0:03:05]} Rcd8 {[%emt 0:04:15]} 20. d4 {[%emt 0:02:36]} cxd4 {[%emt 0:07:12]} 21. exd4 {[%emt 0:10:00]} Ne4 {[%emt 0:03:48]} 22. Qc2 {[%emt 0:05:30]} Ng5 {[%emt 0:00:07]} 23. Nxg5 {[%emt 0:02:05]} Qxg5 {[%emt 0:02:58]} 24. Qb2 {[%emt 0:04:07]} Qf6 {[%emt 0:04:13]} 25. Rac1 {[%emt 0:01:33]} b6 {[%emt 0:01:39]} 26. Qa3 {[%emt 0:05:11]} a5 {[%emt 0:03:16]} 27. c5 {[%emt 0:01:30]} Rxd4 {[%emt 0:00:16]} 28. Rxd4 Qxd4 29. c6 {[%emt 0:01:57]} h6 {[%emt 0:02:56]} 30. c7 {[%emt 0:02:01]} Rc8 {[%emt 0:04:35]} 31. Qf3 {[%emt 0:01:50]} Qd5 {[%emt 0:02:28]} 32. Qe2 {[%emt 0:03:11]} Qd6 33. Qb5 {[%emt 0:00:14]} Rxc7 {[%emt 0:01:35]} 34. Rxc7 Qxc7 35. g3 {[%emt 0:02:09]} Kh7 {[%emt 0:00:52]} 36. Qd3+ {[%emt 0:00:31]} g6 {[%emt 0:00:14]} 37. Qf3 {[%emt 0:00:56]} b5 {[%emt 0:00:47]} 38. Qa3 {[%emt 0:02:18]} b4 {[%emt 0:00:12]} 39. Qb3 {[%emt 0:01:24]} Qc1+ {[%emt 0:01:13]} 40. Kg2 {[%emt 0:00:00]} Qd2 {[%emt 0:00:29]} 41. Qa4 {[%emt 0:02:13]} Qd5+ {[%emt 0:00:22]} 42. Kg1 {[%emt 0:01:01]} e5 {[%emt 0:01:03]} 43. a3 {[%emt 0:01:57]} bxa3 {[%emt 0:00:49]} 44. Qxa3 {[%emt 0:00:11]} Qb5 {[%emt 0:01:04]} 45. Qe7 {[%emt 0:01:20]} Kg7 {[%emt 0:00:14]} 46. Kg2 {[%emt 0:02:01]} a4 {[%emt 0:00:19]} 47. h4 {[%emt 0:00:48]} Qa5 {[%emt 0:01:25]} 48. Qa3 {[%emt 0:00:32]} Qd5+ {[%emt 0:00:19]} 49. Kg1 {[%emt 0:01:01]} Qb3 {[%emt 0:00:16]} 50. Qc1 a3 {[%emt 0:00:46]} 51. Qa1 {[%emt 0:02:07]} Qb2 {[%emt 0:00:09]} 52. Qxb2 {[%emt 0:00:43]} axb2 {[%emt 0:00:09]} 53. Kg2 {[%emt 0:00:13]} b1=Q {[%emt 0:00:08]} 54. Kf3 {[%emt 0:00:25]} Qd3+ {[%emt 0:00:10]} 55. Kg2 {[%emt 0:00:33]} Kf6 {[%emt 0:00:04]} 56. f3 {[%emt 0:01:16]} Kf5 {[%emt 0:00:09]} 57. g4+ {[%emt 0:00:31]} Kf4 {[%emt 0:00:06]} 58. h5 {[%emt 0:00:21]} Qxf3+ {[%emt 0:00:09]} 59. Kg1 {[%emt 0:00:15]} Kg3 {[%emt 0:00:06]} 60. hxg6 {[%emt 0:00:16]} Qg2# {[%emt 0:00:06]} 0-1

[Event "EYCC 2017"]
[Site "Mamaia"]
[Date "2017.09.06"]
[Round "2"]
[White "Berezovsky, Fiorina"]
[Black "Chicarosie, Ioana-Bianca"]
[Result "1/2-1/2"]
[WhiteElo "1317"]
[BlackElo "1565"]
[Annotator "NA"]
[PlyCount "120"]
[EventDate "2017.??.??"]
[EventType "swiss"]
[EventCountry "ROU"]
[SourceTitle "playchess.com"]
[Source "ChessBase"]
[SourceQuality "1"]
[TimeControl "40/5400+30:1800+30"]

1. e4 c5 2. Nf3 Nc6 3. d4 cxd4 4. Nxd4 Nf6 5. Nc3 e5 6. Nxc6 bxc6 7. Bg5 Bb4 8. Bd3 O-O 9. O-O Bxc3 10. bxc3 d5 11. Bxf6 Qxf6 12. c4 d4 13. c5 Qe7 14. Rb1 Be6 15. a4 Qxc5 16. Kh1 Rab8 17. Qh5 f6 18. f4 Ba2 19. Ra1 Bf7 20. Qg4 Bc4 21. fxe5 fxe5 22. Rab1 Bxd3 23. cxd3 Rxb1 24. Rxb1 Qc2 25. Qd1 Qxd1+ 26. Rxd1 c5 27. Rb1 Rc8 28. Kg1 c4 29. dxc4 Rxc4 30. Rb8+ Kf7 31. Rb7+ Kf6 32. Rxa7 d3 33. Rd7 Rxa4 34. Rxd3 Rxe4 35. Kf2 Rd4 36. Ra3 Rd6 37. Kf3 Kf5 38. h3 e4+ 39. Ke3 Rd5 40. g3 Rd3+ 41. Rxd3 exd3 42. Kxd3 Ke5 43. Ke3 h5 44. Kf3 Kf5 45. g4+ hxg4+ 46. hxg4+ Ke5 47. g5 Kf5 48. g6 Kxg6 49. Kg4 Kf6 50. Kf4 g6 51. Kg4 g5 52. Kg3 Kf5 53. Kf3 g4+ 54. Kg3 Kg5 55. Kg2 Kf4 56. Kf2 g3+ 57. Kg2 Kg4 58. Kg1 Kh3 59. Kh1 g2+ 60. Kg1 Kg3 1/2-1/2

[Event "EYCC 2017"]
[Site "Mamaia"]
[Date "2017.09.06"]
[Round "2"]
[White "Suparski, Dmitrii"]
[Black "Samunenkov, Igor"]
[Result "0-1"]
[WhiteElo "1265"]
[BlackElo "1794"]
[Annotator "NA"]
[PlyCount "104"]
[EventDate "2017.??.??"]
[EventType "swiss"]
[EventCountry "ROU"]
[SourceTitle "playchess.com"]
[Source "ChessBase"]
[SourceQuality "1"]
[TimeControl "40/5400+30:1800+30"]

1. e4 e5 2. Nf3 Nf6 3. Nxe5 Nxe4 4. Qe2 Qe7 5. Qxe4 d6 6. Nc3 Qxe5 7. Qxe5+ dxe5 8. Bc4 Be7 9. Nd5 Bd6 10. O-O O-O 11. d3 c6 12. Nc3 Nd7 13. Ne4 Be7 14. a4 Nb6 15. Ba2 Nd5 16. c4 Nb4 17. Be3 Bf5 18. Bb3 Nxd3 19. Ng3 Be6 20. Rab1 f5 21. f4 exf4 22. Bxf4 Nxf4 23. Rxf4 g5 24. Rd4 Bc5 25. Rbd1 Bxd4+ 26. Rxd4 Rad8 27. Rxd8 Rxd8 28. Bc2 Rd2 29. Bxf5 Bxc4 30. b4 Bd5 31. Ne4 Bxe4 32. Bxe4 Rd4 33. Bc2 Rxb4 34. g3 c5 35. Kf1 Rb2 36. Bd1 c4 37. Bf3 c3 38. Bd1 c2 39. Bxc2 Rxc2 40. Ke1 Rxh2 41. Kf1 h5 42. Kg1 Ra2 43. Kh1 Kg7 44. Kg1 Kf6 45. Kf1 Ke5 46. Ke1 Ke4 47. Kd1 h4 48. gxh4 gxh4 49. Kc1 h3 50. Kb1 Rg2 51. Kc1 h2 52. Kd1 h1=Q# 0-1

[Event "EYCC 2017"]
[Site "Mamaia"]
[Date "2017.09.06"]
[Round "2"]
[White "Tokarcik, Jan"]
[Black "Royal, Shreyas"]
[Result "0-1"]
[WhiteElo "1211"]
[BlackElo "1700"]
[Annotator "NA"]
[PlyCount "74"]
[EventDate "2017.??.??"]
[EventType "swiss"]
[EventCountry "ROU"]
[SourceTitle "playchess.com"]
[Source "ChessBase"]
[SourceQuality "1"]
[TimeControl "40/5400+30:1800+30"]

1. e4 c5 2. Nf3 d6 3. d4 cxd4 4. Nxd4 Nf6 5. Nc3 g6 6. Be3 Bg7 7. Be2 O-O 8. O-O a6 9. Qd2 b5 10. a3 Bb7 11. Bd3 Ng4 12. Rae1 Qc7 13. h3 Nxe3 14. Qxe3 Nd7 15. f4 Rac8 16. f5 Qb6 17. Nce2 Ne5 18. fxg6 hxg6 19. Nf4 Nxd3 20. Qxd3 Qxd4+ 21. Kh2 Qxd3 22. cxd3 Bxb2 23. Rf3 Bxa3 24. h4 b4 25. h5 g5 26. Rg3 b3 27. Rxg5+ Kh7 28. Re3 b2 29. Reg3 Rg8 30. h6 b1=Q 31. Kh3 Qh1+ 32. Kg4 Rxg5+ 33. Kxg5 Rg8+ 34. Ng6 Rxg6+ 35. Kf4 Qf1+ 36. Rf3 Bc1+ 37. Kf5 e6# 0-1

[Event "EYCC 2017"]
[Site "Mamaia"]
[Date "2017.09.06"]
[Round "2"]
[White "Patapovich, Mitrafan"]
[Black "Ljepic, Andrej"]
[Result "0-1"]
[WhiteElo "1202"]
[BlackElo "1616"]
[Annotator "NA"]
[PlyCount "68"]
[EventDate "2017.??.??"]
[EventType "swiss"]
[EventCountry "ROU"]
[SourceTitle "playchess.com"]
[Source "ChessBase"]
[SourceQuality "1"]
[TimeControl "40/5400+30:1800+30"]

1. e4 {[%emt 0:00:00]} e6 {[%emt 0:00:22]} 2. d4 {[%emt 0:00:00]} d5 {[%emt 0:00:08]} 3. exd5 {[%emt 0:00:00]} exd5 {[%emt 0:00:07]} 4. c4 {[%emt 0:00:39]} Nf6 {[%emt 0:01:10]} 5. Bg5 {[%emt 0:00:40]} c6 {[%emt 0:00:27]} 6. c5 {[%emt 0:00:29]} Bf5 {[%emt 0:00:42]} 7. Bd3 {[%emt 0:00:46]} Bxd3 {[%emt 0:00:31]} 8. Qxd3 {[%emt 0:00:28]} Be7 {[%emt 0:00:21]} 9. Nc3 {[%emt 0:00:17]} Nbd7 {[%emt 0:01:42]} 10. Nf3 {[%emt 0:00:15]} O-O {[%emt 0:00:30]} 11. O-O {[%emt 0:00:57]} Re8 {[%emt 0:03:59]} 12. Rfe1 {[%emt 0:00:31]} Qc7 {[%emt 0:03:58]} 13. Re2 {[%emt 0:02:23]} Nf8 {[%emt 0:03:46]} 14. Rae1 {[%emt 0:02:22]} Ne6 {[%emt 0:00:26]} 15. Re5 {[%emt 0:02:36]} Qd7 {[%emt 0:09:24]} 16. Qf5 {[%emt 0:03:20]} Rad8 {[%emt 0:04:50]} 17. Ne2 {[%emt 0:05:02]} g6 {[%emt 0:01:53]} 18. Qh3 {[%emt 0:01:17]} Nxg5 {[%emt 0:00:37]} 19. Nxg5 {[%emt 0:01:25]} Qxh3 {[%emt 0:00:49]} 20. Nxh3 {[%emt 0:00:28]} Ng4 {[%emt 0:00:49]} 21. f4 {[%emt 0:04:55]} Nxe5 {[%emt 0:00:14]} 22. fxe5 {[%emt 0:00:42]} b6 {[%emt 0:02:02]} 23. cxb6 {[%emt 0:04:48]} axb6 {[%emt 0:00:08]} 24. Rc1 {[%emt 0:00:33]} c5 {[%emt 0:00:11]} 25. Nf2 {[%emt 0:04:29]} cxd4 {[%emt 0:00:31]} 26. Nxd4 {[%emt 0:00:16]} Bc5 {[%emt 0:00:25]} 27. Nf3 {[%emt 0:00:30]} Rc8 {[%emt 0:00:24]} 28. Rd1 {[%emt 0:03:06]} Bxf2+ {[%emt 0:00:23]} 29. Kxf2 {[%emt 0:00:19]} Rc2+ {[%emt 0:00:08]} 30. Kf1 {[%emt 0:00:58]} Rxb2 {[%emt 0:00:16]} 31. Rxd5 {[%emt 0:00:21]} Rc8 {[%emt 0:00:48]} 32. Rd1 {[%emt 0:01:14]} Rcc2 {[%emt 0:00:45]} 33. a4 {[%emt 0:01:18]} Rxg2 {[%emt 0:00:28]} 34. Ne1 {[%emt 0:01:08]} Rbf2# {[%emt 0:00:22]} 0-1

[Event "EYCC 2017"]
[Site "Mamaia"]
[Date "2017.09.06"]
[Round "2"]
[White "Darie, Cleopatra-Iuliana"]
[Black "Shukhman, Anna"]
[Result "1-0"]
[WhiteElo "1120"]
[BlackElo "1583"]
[Annotator "NA"]
[PlyCount "73"]
[EventDate "2017.??.??"]
[EventType "swiss"]
[EventCountry "ROU"]
[SourceTitle "playchess.com"]
[Source "ChessBase"]
[SourceQuality "1"]
[TimeControl "40/5400+30:1800+30"]

1. e4 {[%emt 0:00:00]} c5 {[%emt 0:00:11]} 2. Nf3 {[%emt 0:00:03]} e6 {[%emt 0:00:04]} 3. c3 {[%emt 0:00:43]} Nc6 {[%emt 0:00:18]} 4. d4 {[%emt 0:01:36]} d5 {[%emt 0:00:11]} 5. Bd3 {[%emt 0:02:58]} cxd4 {[%emt 0:02:15]} 6. cxd4 {[%emt 0:02:14]} Bb4+ {[%emt 0:00:27]} 7. Bd2 {[%emt 0:00:54]} Bxd2+ {[%emt 0:01:14]} 8. Qxd2 {[%emt 0:00:27]} Nf6 {[%emt 0:01:29]} 9. Nc3 {[%emt 0:06:49]} dxe4 {[%emt 0:00:58]} 10. Bxe4 {[%emt 0:00:23]} Nxe4 {[%emt 0:01:40]} 11. Nxe4 {[%emt 0:00:13]} O-O {[%emt 0:01:35]} 12. O-O {[%emt 0:00:56]} f5 {[%emt 0:01:21]} 13. Nc5 {[%emt 0:01:15]} b6 {[%emt 0:00:33]} 14. Nb3 {[%emt 0:00:39]} Ba6 {[%emt 0:03:19]} 15. Rfe1 {[%emt 0:01:18]} Bc4 16. Rad1 {[%emt 0:06:34]} h6 {[%emt 0:07:46]} 17. Rc1 {[%emt 0:03:35]} Bd5 {[%emt 0:00:11]} 18. Rc3 {[%emt 0:04:29]} Rc8 {[%emt 0:01:52]} 19. Rce3 {[%emt 0:03:22]} Qd6 {[%emt 0:01:39]} 20. Ne5 {[%emt 0:08:40]} Nb4 {[%emt 0:05:49]} 21. Rg3 {[%emt 0:04:22]} Kh7 {[%emt 0:00:59]} 22. Qf4 {[%emt 0:12:38]} Rf6 {[%emt 0:08:01]} 23. Nd2 {[%emt 0:10:10]} g5 {[%emt 0:05:51]} 24. Ndc4 {[%emt 0:08:01]} Rxc4 {[%emt 0:07:11]} 25. Qd2 {[%emt 0:00:17]} Rc2 {[%emt 0:00:36]} 26. Qd1 {[%emt 0:01:03]} f4 {[%emt 0:00:39]} 27. Rh3 {[%emt 0:03:32]} Qe7 {[%emt 0:01:09]} 28. a3 {[%emt 0:00:36]} Rxb2 {[%emt 0:02:04]} 29. axb4 {[%emt 0:00:06]} Qxb4 {[%emt 0:02:32]} 30. Qd3+ {[%emt 0:01:08]} Kg8 {[%emt 0:02:21]} 31. Rc1 {[%emt 0:00:37]} Qd2 {[%emt 0:01:47]} 32. Rc8+ {[%emt 0:01:22]} Kg7 {[%emt 0:02:20]} 33. Rc7+ {[%emt 0:00:58]} Kf8 {[%emt 0:00:58]} 34. Qa3+ {[%emt 0:01:20]} Qb4 {[%emt 0:01:42]} 35. Rc8+ {[%emt 0:00:26]} Ke7 {[%emt 0:00:24]} 36. Qxa7+ {[%emt 0:00:15]} Kd6 {[%emt 0:00:35]} 37. Qd7# {[%emt 0:00:28]} 1-0